অবাক বাংলাদেশ : (Record no. 2489)

MARC details
000 -LEADER
fixed length control field 01033nam a22002297a 4500
003 - CONTROL NUMBER IDENTIFIER
control field BD-DhJNU
005 - DATE AND TIME OF LATEST TRANSACTION
control field 20260106024140.0
008 - FIXED-LENGTH DATA ELEMENTS--GENERAL INFORMATION
fixed length control field 260105b |||||||| |||| 00| 0 eng d
020 ## - INTERNATIONAL STANDARD BOOK NUMBER
International Standard Book Number 9789849176640
040 ## - CATALOGING SOURCE
Original cataloging agency BD-DhJNU
Language of cataloging BEN
Transcribing agency BD-DhJNU
Modifying agency BD-DhJNU
082 ## - DEWEY DECIMAL CLASSIFICATION NUMBER
Edition number 23
Classification number 355.025492
100 ## - MAIN ENTRY--PERSONAL NAME
Personal name খান, আকবর আলী
242 ## - TRANSLATION OF TITLE BY CATALOGING AGENCY
Title Surprised Bangladesh :
Remainder of title Politics in a strange web of deception /
Statement of responsibility, etc. Akbar Ali Khan
245 ## - TITLE STATEMENT
Title অবাক বাংলাদেশ :
Remainder of title বিচিত্র ছলনাজালে রাজনীতি /
Statement of responsibility, etc. আকবর আলী খান
250 ## - EDITION STATEMENT
Edition statement 2nd ed.
260 ## - PUBLICATION, DISTRIBUTION, ETC.
Place of publication, distribution, etc. ঢাকা :
Name of publisher, distributor, etc. প্রথমা প্রকাশন,
Date of publication, distribution, etc. 2022.
300 ## - PHYSICAL DESCRIPTION
Extent ৪৩৯ পৃ. :
Dimensions ২৩ সে.মি.।
504 ## - BIBLIOGRAPHY, ETC. NOTE
Bibliography, etc. note গ্রন্থপঞ্জিগত নির্দেশিকা ও নিঘন্ট অন্তভূক্ত
650 ## - SUBJECT ADDED ENTRY--TOPICAL TERM
Topical term or geographic name entry element মুক্তিযুদ্ধ-বাংলাদেশ ।
650 ## - SUBJECT ADDED ENTRY--TOPICAL TERM
Topical term or geographic name entry element Liberation War-Bangladesh
942 ## - ADDED ENTRY ELEMENTS (KOHA)
Source of classification or shelving scheme Dewey Decimal Classification
Koha item type Books
Suppress in OPAC No
Holdings
Withdrawn status Lost status Source of classification or shelving scheme Damaged status Not for loan Collection Home library Current library Shelving location Date acquired Source of acquisition Total checkouts Full call number Barcode Date last seen Copy number Price effective from Koha item type
    Dewey Decimal Classification     Non-fiction Jagannath University Central Library Jagannath University Central Library General stacks 01/05/2026 Purchased   355.025492 KHS JNUCL36316 01/05/2026 1 01/05/2026 Books
    Dewey Decimal Classification     Non-fiction Jagannath University Central Library Jagannath University Central Library General stacks 01/05/2026 Purchased   355.025492 KHS JNUCL36317 01/05/2026 2 01/05/2026 Books